000 00591cam a2200205 4500
001 D2951
008 090401t1930 xxu||||| |||| 00| 0 eng d
035 _a(Sirsi) u71198
041 _aeng
050 _a692.8
100 _aCreswell, H. B.
245 4 _aThe Honeywood settlement: a continuation of The Honeywood File
260 _aLondon
_bFaber
_c1930
300 _a214p. 18cm
350 _a0.5
520 _aTwo copies are later paperback reprints (undated but with original 1930 imprint on reverse of t-p).
650 _aHONEYWOOD SETTLEMENT
942 _n0
948 _c04/03/1997
999 _c95393
_d95393